Soccer Logos By Letter - J & K - Statistics

General Stats
  • This quiz has been taken 1,011 times
    269 since last reset
  • The average score is 7 of 10
Answer Stats
Picture Answer % Correct
Juventus
99%
1. FC Köln
96%
Jamaica
93%
Japan
91%
København
80%
Kaizer Chiefs
73%
Kaiserslautern
64%
Kazakhstan
58%
Kosovo
44%
Kilmarnock
36%
No matching quizzes found
Score Distribution
Percent of People with Each Score
Percentile by Number Answered
Your Score History
You have not taken this quiz since the last reset